000 00260nam a2200121Ia 4500
100 _aDatta/ S.K.
942 _cBK
654 _apower
245 _aPower electronics & control
260 _bprentice hall
_aNew Delhi
_c1991
300 _a196
546 _aENGLISH
999 _c33563
_d33563